000 00993cam a22003137a 4500
003 CHAP
005 20220329142252.0
008 000412d1995 us rf 00010 eng d
010 _a80820
011 _a81792
020 _a0824792777
035 _a92272
040 _cCHAP
082 0 4 _a628.16
_bC4
100 0 0 _aCheremisinoff, Paul N.
_922155
245 1 0 _aHandbook of water and wastewater treatment technology
_c/by Paul N. Cheremisinoff
260 _aNew York :
_bMarcel Dekker,
_c1995.
300 _a833 p.
590 _aBATCH-UPD
_b10
_c20130109
_lUCH01
_h2317
590 _aBATCH-UPD
_b10
_c20130110
_lUCH01
_h2043
590 _aBATCH-UPD
_b10
_c20130410
_lUCH01
_h1357
590 _aCONVERSION
_b10
_c20130109
_lUCH01
_h1345
650 1 4 _aAgua
_xPurificacion.
_92397
650 1 4 _aAguas residuales
_xPurificacion.
_92588
901 _aBK
905 _aLilia Sánchez G.
942 _cLIBRO
949 _a628.16 C4
_bBC
_cLIBRO
_d33724000775284
_eLIBRO
_gI.203107
_h97741
_i92272
_si
_t$2.501.00
999 _c80820
_d80820